La Participación del movimiento obrero en la política económica y social /
Збережено в:
| Автор: | |
|---|---|
| Інші автори: | |
| Формат: | Текст |
| Теги: |
Додати тег
Немає тегів, Будьте першим, хто поставить тег для цього запису!
|
MARC
| LEADER | 00000 a a2200000 04500 | ||
|---|---|---|---|
| 001 | 3248 | ||
| 003 | |||
| 040 | |||
| 100 | |a Ramírez Pachicano, Efrén | ||
| 245 | |a La Participación del movimiento obrero en la política económica y social / |c Efrén Ramírez Pachicano | ||
| 700 | |a Soberanes Bardales, Felipe | ||
| 773 | |g número 31; páginas 99-116 | ||
| 999 | |c 24162 |d 24162 | ||
